Assam : (Record no. 4796)
[ view plain ]
| 000 -LEADER | |
|---|---|
| fixed length control field | 00480cam a2200181ua 4500 |
| 001 - CONTROL NUMBER | |
| control field | 5640 |
| 005 - DATE AND TIME OF LATEST TRANSACTION | |
| control field | 20260515113921.0 |
| 008 - FIXED-LENGTH DATA ELEMENTS--GENERAL INFORMATION | |
| fixed length control field | 131022n ii |||gr||||Z||||||eng |
| 020 ## - INTERNATIONAL STANDARD BOOK NUMBER | |
| International Standard Book Number | 81-85891-75-3 |
| 040 ## - CATALOGING SOURCE | |
| Transcribing agency | MAIN |
| 082 ## - DEWEY DECIMAL CLASSIFICATION NUMBER | |
| Classification number | 910.54162 |
| 245 ## - TITLE STATEMENT | |
| Title | Assam : |
| Remainder of title | A Systematic Geography / |
| Statement of responsibility, etc. | By N.N. Bhattacharyya . |
| 260 ## - PUBLICATION, DISTRIBUTION, ETC. | |
| Place of publication, distribution, etc. | Delhi: |
| Name of publisher, distributor, etc. | Rajesh Publications, |
| Date of publication, distribution, etc. | 2011. |
| 300 ## - PHYSICAL DESCRIPTION | |
| Extent | v,255p. |
| 653 ## - INDEX TERM--UNCONTROLLED | |
| Uncontrolled term | Geography of Assam |
| 700 ## - ADDED ENTRY--PERSONAL NAME | |
| Personal name | Bhattacharyya,N.N., |
| Relator term | Author. |
| 942 ## - ADDED ENTRY ELEMENTS (KOHA) | |
| Koha item type | Books |
| Withdrawn status | Lost status | Damaged status | Not for loan | Home library | Current library | Shelving location | Date acquired | Total checkouts | Full call number | Barcode | Date last seen | Copy number | Price effective from | Koha item type |
|---|---|---|---|---|---|---|---|---|---|---|---|---|---|---|
| Naharkatiya College Library | Naharkatiya College Library | General stacks | 09/19/2020 | 910.54162 | BHA | 20457 | 09/19/2020 | 1 | 09/19/2020 | Books |